00450nam a2200169Ia 4500003000400000005001700004008004100021020001800062040000700080041000800087082001900095100002300114245007800137260004000215300001200255365001300267OSt20230427094632.0210423s2008 xx 000 0 und d a9788130906751 cAL aeng a820.9 BLOV223 aBLOOM (Harold),Ed. aViva modern critical interpretations John Steinbecks the grapes of warth. aNew DelhibViva Books Pvt Ltdc2008 a193bPB b145cINR